| 000 | 00452nam a22001577a 4500 | ||
|---|---|---|---|
| 005 | 20251108170920.0 | ||
| 008 | 250721s1981 xx 000 0 ara d | ||
| 082 | 1 | 4 | _aط/511/فهم |
| 100 | 1 | _aعثمان، فهمي | |
| 245 | 1 | 0 | _aالعد و القياس / |
| 264 | 1 |
_aعمان : _bالجمعية العلمية الملكية الأردنية، _c1981. |
|
| 300 | _a30ص : مص | ||
| 650 | 1 | 7 | _aالحساب |
| 942 |
_2ddc _cBK |
||
| 999 |
_c52037 _d52037 |
||